| 000 | 00474nam a2200193 a 4500 | ||
|---|---|---|---|
| 001 | 5464 | ||
| 003 | CO-ViMGA | ||
| 008 | 141112s2004 ck r 000 u spa d | ||
| 040 |
_aCO-ViMGA _bspa _cCO-ViMGA |
||
| 082 | 0 | 4 | _aCo863.44 G172tc |
| 100 | 1 | _aGarcía Márquez, Gabriel | |
| 245 | 1 | 0 | _aTodos los cuentos |
| 250 | _a4a | ||
| 260 |
_abogotá : _bOveja Negra, _c1994 |
||
| 300 | _a281 p | ||
| 590 | _aEjemplares : 2 | ||
| 650 | 1 | 4 | _aCUENTOS COLOMBIANOS |
| 942 |
_2ddc _cBK |
||
| 999 |
_c17451 _d17451 |
||